000 00789nam a2200265Ia 4500
003 OSt
005 20220926004051.0
006 a|||||r|||| 00| 0
007 ta
008 220923b |||||||| |||| 00| 0 eng d
020 _a9788120343146
_c335.75
037 _bRKBA\09-10\5447, 04/03/2015, R K Books
_cGeneral Book
040 _aRTL
_cRTL
_beng
041 _2eng
_aeng
082 _aX:87:(T), Q1
100 _aMC GRATH E H
_9308240
245 0 _aBasic managerial skill for all
250 _a9th
260 _a New Delhi
_bPHI Learning
_c2011
300 _axxiii, 812p
_ccm.
500 _aBibliography: p 447-450
650 _aCommerce
942 _hX:87:(T), Q1
_cGB
_2CC
999 _c609597
_d609597